दो अगस्त से एक अगस्त तक / (Record no. 117745)

MARC details
000 -LEADER
fixed length control field 00983nam a22002537a 4500
005 - DATE AND TIME OF LATEST TRANSACTION
control field 20170124103100.0
010 ## - LIBRARY OF CONGRESS CONTROL NUMBER
LC control number A-265898
020 ## - INTERNATIONAL STANDARD BOOK NUMBER
Terms of availability 30.00
035 ## - SYSTEM CONTROL NUMBER
System control number A-265898
037 ## - SOURCE OF ACQUISITION
Source of stock number/acquisition Cen Lib/Ret
040 ## - CATALOGING SOURCE
Original cataloging agency DPL
Language of cataloging HN
082 ## - DEWEY DECIMAL CLASSIFICATION NUMBER
Classification number
Item number शाहअ
100 ## - MAIN ENTRY--PERSONAL NAME
Personal name शाह, अशोक के०
9 (RLIN) 217
245 ## - TITLE STATEMENT
Title दो अगस्त से एक अगस्त तक /
Statement of responsibility, etc अशोक के० शाह
246 ## - VARYING FORM OF TITLE
Title proper/short title Do august se ek august tak /
Remainder of title by Ashok K. Shah
260 ## - PUBLICATION, DISTRIBUTION, ETC. (IMPRINT)
Place of publication, distribution, etc दिल्ली
Name of publisher, distributor, etc हिन्दी बुक सेण्टर
Date of publication, distribution, etc 1985
270 ## - ADDRESS
Address 1641, दरीबा कलाँ
City दिल्ली
Postal code 110006
300 ## - PHYSICAL DESCRIPTION
Extent 141पृ.
Dimensions 17सेमी (सजिल्द )
650 ## - SUBJECT ADDED ENTRY--TOPICAL TERM
Topical term or geographic name as entry element साहित्य--उपन्यास
General subdivision
Geographic subdivision
9 (RLIN) 45844
650 ## - SUBJECT ADDED ENTRY--TOPICAL TERM
Topical term or geographic name as entry element हिंदी उपन्यास
Form subdivision
9 (RLIN) 103391
650 ## - SUBJECT ADDED ENTRY--TOPICAL TERM
Topical term or geographic name as entry element Literature--Novel
9 (RLIN) 103392
650 ## - SUBJECT ADDED ENTRY--TOPICAL TERM
Topical term or geographic name as entry element Hindi Novel
9 (RLIN) 103393
942 ## - ADDED ENTRY ELEMENTS (KOHA)
Source of classification or shelving scheme Dewey Decimal Classification
Koha item type Hindi Books
Classification part
Call number suffix शाहअ
Holdings
Withdrawn status Lost status Damaged status Not for loan Home library Current library Date acquired Source of acquisition Cost, normal purchase price Total Checkouts Full call number Barcode Date last seen Copy number Cost, replacement price Price effective from Koha item type Public note
Written off       Central Library Central Library 08/09/2015 Cen Lib/Ret 30.00   उ शाहअ A-265898 08/09/2015 1 30.00 08/09/2015 Hindi Books Written off on approval by DLB (By Circulation); dtd 15-06-2023

© Delhi Public Library
Hit Counter
free hit counter